000 00254nam a2200097Ia 4500
001 1250580
005 20251031150858.0
008 251031s9999 xx 000 0 und d
245 0 _cHİKMET ANIL ÖZTEKİN
_aB-4 EYVALLAH SEYYAH
260 _bDESTEK YAYINLARI
999 _c1250580
_d1250580